[Event "Goodricke op 12th"]
[Site "Kolkata"]
[Date "2001.02.16"]
[Round "11"]
[White "Gokhale, Chandrashekhar"]
[Black "Miezis, Normunds"]
[Result "1-0"]
[WhiteElo "2326"]
[BlackElo "2532"]
[Annotator "Tyomkin,D"]
[PlyCount "93"]
[EventDate "2001.02.06"]
[EventType "swiss"]
[EventRounds "11"]
[EventCountry "IND"]
[SourceTitle "CBM 082"]
[Source "ChessBase"]
[SourceDate "2001.05.17"]
[SourceVersion "1"]
[SourceVersionDate "2001.05.17"]
[SourceQuality "1"]

1. d4 e6 2. c4 b6 3. Nf3 Bb7 4. Nc3 f5 5. g3 Nf6 6. Bg2 Bb4 7. O-O O-O 8. Qc2 (
8. d5 Na6 (8... Bxc3 $5) 9. Nd4 Qc8 10. Nc6 $1 {1-0 Filippov,V-Tratar,M/Bled
SLO 2001/The Week in Chess 334 (35)}) 8... Nc6 $146 (8... Qe8 9. b3 Ne4 10. Bb2
Nxc3 11. Bxc3 Be4 12. Qb2 Bxc3 13. Qxc3 Nc6 14. Rad1 Ne7 15. Bh3 Rf6 16. Qd2
Bb7 {1/2-1/2 Savon,V-Samarin,I/Orel 1996/EXT 99 (16)}) 9. Rd1 $6 {[%cal Gd4d5]
White's idea, especially after black's Nc6, is to lead d4-d5, capturing the
center. Hwever, after Rf1-d1, black prevents this idea. White had to push
d4-d5 as soon as it possible.} (9. d5 exd5 10. Nxd5 $1 $14 {[%csl Rb4] Black
bishop b4 becomes useless while white removes it's knight from c3.}) 9... Bxc3
$1 10. Qxc3 Ne4 11. Qe1 {More natural looks to keep the queen somewhere over
the center.} (11. Qc2 $5) 11... Qf6 {Black declined immediate a7-a5, cause
b2-b3 is not the threat yet.} (11... a5 $5) 12. e3 {[%cal Gb2b4] Intending
b2-b4, but black stops it at once.} ({The point is:} 12. b4 a5 13. b5 Nb4 $17 {
[%cal Rb4c2] and black wins material.}) 12... a5 13. Qe2 Ba6 14. Bd2 d5 15. b3
g5 {Black begins aggresive play all over the board- that is in style of GM
Miezis.} 16. Rac1 Rad8 $6 {Unaccuracy. Better was to follow the strategy by:} (
16... g4 17. Ne1 e5 $5 18. dxe5 Nxe5 19. Bc3 Nxc3 20. Rxc3 c6 $11) 17. Be1 {
[%cal Ge2c2] White is completely relaxed! Qc2 is coming, getting rid of the
pin over the diagonal a6-f1.} Rd7 18. Qc2 Bb7 {Black bishop has nothing to do
on that diagonal anymore.} 19. Nd2 g4 20. a3 {Another prophylactic move.} h5 $2
{It just creates additional weaknesses in view of forthcoming f2-f3 or f2-f4.}
(20... Ne7 $142 $14) 21. f4 gxf3 22. Nxf3 Rg7 23. cxd5 (23. b4 axb4 24. axb4
Ne7 25. b5 dxc4 26. Qxc4 Nd5 27. Qb3 $14 {[%csl Rc7]}) 23... exd5 24. b4 $16 {
[%csl Rc7,Rd5,Rf5,Rh5] Black doesn't have an active play anymore, but he has
left with pawn weaknesses all over the board: c7, d5, f5, h5.} axb4 25. axb4
Qh6 26. Qb3 {[%cal Gb4b5]} Na7 27. b5 Nc8 28. Bb4 Rf6 29. Nh4 Qg5 30. Rf1 {
[%csl Rf5] Pawn f5 is a target of white's play.} Kh7 (30... Na7 31. Rf4 $1 Nxb5
32. Rcf1 Nbd6 33. Bxd6 Nxd6 34. Bxd5+ Bxd5 35. Qxd5+ Kh7 36. e4 $1 $18 {
Decisive break.} Nxe4 37. Rxf5 Qe3+ (37... Rxf5 38. Qxe4 $18) 38. Kh1 Rxf5 39.
Qxf5+ Kh6 40. Qf8 $1 $18 {[%cal Rf8h8,Rf8g7]}) 31. Rf4 Na7 32. Rcf1 Rgf7 33.
Bh3 $2 {Both players were probably in mutual time trouble- that's probably an
explaination of the forthcoming series of tactical mistakes.} (33. Nf3 $18 {
[%cal Gf3e5] White wins some material by this move, for example:} Qh6 34. Ne5
Rg7 35. Rxf5 Rxf5 36. Rxf5 h4 37. Bf8 hxg3 38. hxg3 $18) 33... Nxg3 $2 {
Black could still survive by 33...Nxb5, but Miezis didn't stand the pressure
and sacrificed the knight. White easily wards off black's attack.} (33... Nxb5
34. Bxf5+ (34. Nxf5 c6 $13 {[%cal Gb7c8,Yc6d5]}) 34... Kg7 $16) 34. hxg3 Qxg3+
35. Bg2 $18 Qg5 36. Be1 Nc8 37. Bb4 {Repeating moves, white saves some time in
time pressure.} Na7 38. Qc2 Bc8 (38... Nxb5 39. Nxf5 Qg6 40. Kh1 $18 {[%cal
Gg2h3]}) 39. Kh1 Nxb5 40. Bxd5 Rg7 41. Nxf5 Rgg6 (41... Bxf5 42. Rxf5 Qh4+ 43.
Qh2 $18) 42. Be4 $1 {[%cal Rc2h7] White gains more material by this pin.} Bxf5
43. Bxf5 c5 44. dxc5 bxc5 45. Bxc5 Nc3 46. Bxg6+ Rxg6 47. Rf7+ {and white
mates within few moves.} 1-0

[Event "RUS-Cup03 Geller Memorial"]
[Site "Moscow"]
[Date "1999.02.12"]
[Round "3"]
[White "Volzhin, Alexander"]
[Black "Pres, Grigorij"]
[Result "1-0"]
[WhiteElo "2543"]
[BlackElo "2352"]
[Annotator "Tyomkin,D"]
[PlyCount "70"]
[EventDate "1999.02.10"]
[EventType "swiss"]
[EventRounds "9"]
[EventCountry "RUS"]
[SourceTitle "CBM 070"]
[Source "ChessBase"]
[SourceDate "1999.06.08"]
[SourceVersion "1"]
[SourceVersionDate "1999.06.08"]
[SourceQuality "1"]

1. d4 e6 2. c4 f5 3. Nc3 Nf6 4. Qc2 d5 5. Nf3 c6 6. Bf4 Be7 7. e3 O-O 8. Bd3
Ne4 9. g4 {[%mdl 4]} Qa5 (9... fxg4 $6 10. Bxe4 dxe4 11. Ne5 Nd7 12. O-O-O Nxe5
13. Bxe5 Bd7 14. Rdg1 Bf6 15. Rxg4 Bxe5 16. dxe5 $16 {1-0 Psakhis,L-Sequera,J/
Elista RUS 1998 (24)}) 10. gxf5 (10. Ke2 Kh8 11. Rhg1 (11. h4 Nd7 12. h5 Ndf6
13. Ne5 Nxc3+ 14. bxc3 Ne4 15. Bxe4 fxe4 16. Ng6+ $5 $13 {1-0 Aagaard,
J-Williams,S/It IM, Hampstead ENG 1998 (25)}) 11... Nd7 12. Rg2 Ndf6 13. Rag1
$1 Ne8 $6 14. Ne5 N4d6 15. c5 Ne4 16. f3 $16 {1-0 Serper,G-Sequera,J/San
Felipe VEN 1998 (31)}) 10... exf5 11. cxd5 cxd5 12. Ke2 {[%csl Rd5,Re5][%cal
Yc2b3][%mdl 4] White king is safe in the center,in other hand white starts an
action over the center by himself(d5 and e5-points are week).I like this
opening plan for white.} Be6 (12... b6 13. Nb5 (13. Nxd5 $140 Qxd5 14. Bxb8 (
14. Bc4 $2 Ba6) 14... Bd7 $44 {[%cal Gd7b5]} (14... Be6 $44)) 13... Ba6 14. Qb3
Rd8 15. Rhd1 Nc6 16. a3 Rac8 17. Rac1 g5 18. Bc7 Bxb5 19. Bxb5 Rxc7 20. Bxc6
$14 {1/2-1/2 Novikov,I-Dreev,A/Uzhgorod ,EXT 1987 (54)}) (12... Nc6 $2 13. Nxd5
$1 Bd6 14. Bxd6 Nxd6 15. Qc5 Qxc5 16. dxc5 $16 {0-1 Umansky,V-Andreev,D/
"Slaviya" Primorsko BUL 1989 (46)}) 13. Qb3 Nxc3+ (13... Nd7 $6 14. Rhg1 Kh8
15. Ne5 Rfc8 $2 16. Bxe4 fxe4 17. Nxd7 Qa6+ 18. Qb5 Bxd7 19. Qxa6 bxa6 20. Nxd5
$18 {1-0 Aagaard,J-Pedersen,N/Ringsted 1992 (30)}) 14. bxc3 b6 15. Rhg1 $146 (
15. Ng5 Bd7 16. a4 h6 17. Nf3 Rc8 18. Rhc1 g5 19. Bxb8 Raxb8 20. Ne5 Be6 21.
Bb5 $16 a6 22. Nc6 Rxc6 23. Bxc6 Rc8 24. Bb5 $1 {1-0 Shumiakina,T-Thipsay,B/
Kishinev ztW ,EXT 1995 (40)}) 15... Rc8 $6 (15... Nc6 $142 {[%cal Ga8c8] was
more normal way for black to develope his pieces.}) 16. Rac1 Nc6 17. h4 Qa3 $2
(17... Ba3 $5 18. Rb1 (18. Rc2 {[%csl Rc2]} Be7) 18... Ne7 19. Kd2 $14 {
[%cal Gh4h5,Gf4e5]}) {[%tqu "En","","","","d3f5","",10]} 18. Bxf5 $1 Bxf5 (
18... Qxb3 19. Bxe6+ {and black king is on check.}) 19. Qxd5+ Kh8 20. Qxf5
Qxa2+ 21. Kf1 $18 {[%cal Gf1g2] White has a pawn up and winning position.White
king finds the safe place on-g2.In spite of this white keeps the initiative
over kingside.} Rf8 22. Qh5 Qc4+ 23. Kg2 g6 24. Qg4 Rad8 25. h5 $1 Bd6 (25...
gxh5 26. Qxh5 Rg8+ 27. Kh1 $18) (25... Rg8 26. Kh1 {[%cal Gf3e5]} ({or} 26. Kh2
) 26... Bd6 27. Bxd6 Rxd6 28. e4 $18) 26. hxg6 Rg8 27. Rh1 Rg7 (27... Qf7 28.
Rxh7+ Qxh7 29. Rh1 $1 {wins on force.} Qxh1+ 30. Kxh1 Kg7 31. Qe6 $18 (31. Ng5)
) 28. Rxh7+ Rxh7 29. gxh7 Bxf4 30. Qxf4 Qe6 31. Rh1 Qg6+ 32. Qg3 Qxg3+ 33. Kxg3
Rd7 34. Ng5 a5 35. Rh6 Rc7 (35... Rc7 36. Re6 {[%cal Ge6e8]}) 1-0

[Event "Lasker Memorial op"]
[Site "Barlinek"]
[Date "2001.07.22"]
[Round "6"]
[White "Schmidt, Wlodzimierz"]
[Black "Michna, Marta"]
[Result "1-0"]
[WhiteElo "2438"]
[BlackElo "2399"]
[Annotator "Tyomkin,D"]
[PlyCount "51"]
[EventDate "2001.07.19"]
[EventType "swiss"]
[EventRounds "10"]
[EventCountry "POL"]
[SourceTitle "CBM 085"]
[Source "ChessBase"]
[SourceDate "2001.11.13"]
[SourceVersion "1"]
[SourceVersionDate "2001.11.13"]
[SourceQuality "1"]

1. d4 d5 2. c4 c6 3. Nc3 e6 4. e3 f5 5. f4 Nf6 6. Nf3 Be7 (6... Bd6 7. Bd3 O-O
8. O-O Bd7 9. Bd2 Be8 10. Qb3 Rf7 11. Be1 {1/2-1/2 Chatalbashev,B-Ortega,L/
Cutro 2000/CBM 77 (11)}) 7. Bd3 {This move looks more cheerful than 7.Be2-
white has also e2 spot for its' queen in this case; After barren 8.Be2 white
doesn't get anything special:} (7. Be2 O-O 8. O-O b6 (8... Kh8 9. a3 {[%cal
Gb2b4]} a5 10. Rb1 Ne4 11. Nxe4 fxe4 12. Ne5 c5 13. dxc5 Bxc5 14. b4 $14 {
1-0 Korobov,I-Shovunov,B/Elista RUS 2001/The Week in Chess 339 (37)}) 9. b3 (9.
Bd2 Bb7 10. Qb3 c5 11. Rad1 Nc6 12. Ng5 Na5 13. Qa4 cxd4 14. Nxe6 Qc8 15. Nxd4
Nxc4 16. Qc2 Nd6 17. Rc1 Nfe4 $11 {1/2-1/2 Epishin,V-Malakhov,V/Elista RUS
2001/The Week in Chess 339 (44)}) 9... Bb7 10. Bb2 Kh8 11. Qc2 c5 12. Rad1 Nc6
13. Ne5 Rc8 14. Nxc6 Bxc6 15. cxd5 Nxd5 $11 {1/2-1/2 Pushkov,N-Jakovenko,D/
Elista RUS 2001/The Week in Chess 339 (60)}) 7... O-O 8. O-O Qe8 $6 $146 {
That's the beginning of wrong plan of immediate attack over the kingside by
Ne4, Qe8-h5 and Rf8-f6-h6. White easily wards off mentioned attack of black
over there; Instead of dubious 8..Qe8 black has couple of normal developing
moves:} (8... Ne4 9. Bd2 b6 $5 (9... Bd7 10. Be1 Be8 11. Ne5 (11. Qb3 $5 Qb6
$140 12. Qc2 {[%csl Rb6]}) 11... Nd7 12. Rb1 Bg6 $6 13. b4 a6 14. a4 {0-1
Eperjesi,L-Dudas,J/Budapest 1996/EXT 97 (40)}) (9... Nd7 10. a3 (10. Qc2 Ndf6
11. c5 Qe8 12. b4 Qh5 13. b5 Bd7 14. Rab1 Ng4 15. h3 Nxc3 16. Qxc3 $16 {
1-0 Farago,I-Siebrecht,S/Budapest 1993/EXT 97 (24)}) 10... Ndf6 11. b4 Bd7 12.
Ne5 Be8 13. Be1 Nxc3 14. Bxc3 Bh5 15. Qb3 $14 {1/2-1/2 Nogueiras,J-Guliev,S/
Moscow 1994/CBM 44 ext (26)}) 10. Ne5 Bb7 11. g4 Nd7 12. gxf5 exf5 13. cxd5
Nxc3 14. Bxc3 cxd5 15. Rf2 Rc8 16. Qa4 Nxe5 17. fxe5 Bc6 18. Qc2 g6 19. Raf1
Qd7 20. Rg2 Kh8 21. Qe2 a6 22. Bxa6 Ra8 23. Bd3 Rxa2 {1/2-1/2 Vera,R-Van Der
Vorm,T/Porto San Giorgio 1998 (23)}) (8... Bd7 9. Bd2 {This is favourite plan
of Epishin in this variation- the idea is to create pressure on black's
queenside by Qb3; In this case, it's pretty strong;} Be8 10. Qb3 Qb6 11. Qc2 $1
Nbd7 12. b4 $1 dxc4 13. Bxc4 Nd5 14. Na4 Qc7 15. Nc5 $14 {1-0 Epishin,
V-Gleizerov,E/Bolzano ITA 1999 (42)}) (8... b6 9. b3 (9. Bd2 Bb7 10. cxd5 cxd5
11. Rc1 Nc6 12. a3 Na5 13. Be1 Rc8 14. Ne5 Nc4 15. Qe2 Nxe5 16. dxe5 $6 (16.
fxe5 $5 {with the idea to keep c5 under control;}) 16... Ne4 17. Rd1 Nc5 18.
Bb5 a6 $15 {1/2-1/2 Gamundi,A-Van der Werf,M/Andorra 1997/CBM 58 ext (71)})
9... Ne4 (9... Bb7 {Ftacnik} 10. Bb2 Ne4 11. Rc1 Nd7 12. Qe2 Rf6 13. Rc2 Rh6
14. Rfc1 a6 (14... Ndf6 {Ftacnik} 15. cxd5 cxd5 16. Ba6 $14) 15. Na4 dxc4 16.
bxc4 c5 17. Nd2 cxd4 $2 (17... Ndf6 {Ftacnik} 18. Bxe4 Nxe4 19. Nxe4 Bxe4 20.
Rd2 Qe8 $13) 18. Bxe4 $1 fxe4 19. Bxd4 {1-0 Ivanchuk,V-Nogueiras,J/Luzern 1993/
CBM 38/[Ftacnik] (37)}) 10. Bb2 Nd7 11. Rc1 Ba6 12. Qe2 Rc8 13. Rc2 Ndf6 14.
Ne5 Nxc3 15. Bxc3 Ne4 16. Bb2 c5 17. Rd1 $14 {1/2-1/2 Kelly,B-Malakhov,V/
Tallinn 1997/CBM 59 ext (83) All white pieces are placed comfortably;}) 9. Qc2
Qh5 10. Rb1 {[%cal Yb2b4,Yb4b5] White begins the standard plan over the
queenside- b2-b4-b5;} Ne4 11. b4 Rf6 $2 {[%csl Ra8,Rb8,Rc8][%mdl 16384] Black
can not mate white with only 3 pieces, but all black pieces of the queenside
stay undeveloped till the end of the game.} (11... Nd7 12. b5 $16) 12. cxd5
Nxc3 $8 (12... exd5 13. Nxd5 {[%csl Rc8]}) 13. Qxc3 exd5 14. b5 $16 Rh6 15. Ba3
Bd8 (15... Bxa3 16. Qxa3 $16 {[%cal Ra3e7]}) 16. Qc2 {trying to prevent Nd7;}
Nd7 {black has nothing to lose;} 17. h3 {Good enough to keep an advantage.
White has avoided complications of 17.Bxf5, but it was not that bad:} (17. Bxf5
$5 Ne5 {It was the idea of black's counterplay;} 18. Bxh7+ (18. Bxc8 $6 Nxf3+
19. gxf3 Rxc8 $132) 18... Rxh7 19. fxe5 Bf5 20. Qb3 $16 (20. Nh4 $2 Qxh4 21.
Qxf5 Qxh2+ 22. Kf2 Bh4+ 23. Ke2 Qxg2+ 24. Kd3 Be7 $3 25. Bxe7 $140 Rh2 {
[%csl Rd3]}) 20... Bxb1 21. bxc6 {[%cal Rc6b7,Ga3d6]} bxc6 22. Qb7 $18) 17...
g5 $4 {[%mdl 16384] Suicide! But in all cases black position is close to be
hopeless;} (17... Nb6 18. Ne5 cxb5 19. Qc5 $16 {[%csl Rb5,Rc8,Rd5,Rd8,Rf5]})
18. fxg5 {There was very pleasant choice for white- all logical moves lead to
the win;} (18. Bxf5 $18) (18. Ne5 $5 $18) 18... Bxg5 19. Nxg5 Qxg5 20. Rxf5
Qxe3+ 21. Qf2 {White decides to trade queens, but all other continuations win
the game as well;} (21. Kh1 $18) 21... Qxf2+ (21... Re6 22. Rf1 $18 {[%cal
Rf5g5]}) 22. Rxf2 {[%csl Ra8,Rc8,Rd7] Here are consiquences of black's opening
strategy- all queenside pieces of black hasn't been used in that game.} Re6 23.
Rbf1 {There is no way to stop an attack of white with all its' pieces used in
it;} cxb5 (23... Re3 24. Bc1 $1 Re8 (24... Rxd3 $140 25. Bh6 {[%cal Rf2f8]}) (
24... Re6 25. Rf7) 25. Bh6 $18 {[%cal Gf2f7]}) 24. Rf7 Rb6 25. Be7 {[%csl Yf6,
Yf8][%cal Gf7h7]} h6 26. Rh7 {[%cal Gf1f7]} 1-0

[Event "Governor's Cup 2nd"]
[Site "Kramatorsk"]
[Date "2001.11.18"]
[Round "3"]
[White "Korobov, Anton"]
[Black "Karjakin, Sergey"]
[Result "1-0"]
[WhiteElo "2467"]
[BlackElo "2388"]
[Annotator "Tyomkin,D"]
[PlyCount "79"]
[EventDate "2001.11.16"]
[EventType "tourn"]
[EventRounds "14"]
[EventCountry "UKR"]
[EventCategory "10"]
[SourceTitle "CBM 086"]
[Source "ChessBase"]
[SourceDate "2002.02.05"]
[SourceVersion "1"]
[SourceVersionDate "2002.02.05"]
[SourceQuality "1"]

1. Nf3 f5 2. d4 d5 3. c4 e6 4. Bf4 c6 5. e3 Nf6 6. Nc3 Bd6 (6... Be7 {-is the
alternative here;}) 7. Bd3 O-O 8. O-O Bxf4 $6 $146 (8... Ne4 9. Qc2 (9. Bxd6
Qxd6 10. Qb3 Kh8 11. Rfc1 Nd7 12. a3 b6 {1/2-1/2 Horvath,C-Kaenel,H/Lugano SUI
2000/The Week in Chess 280 (12)}) (9. Bxe4 dxe4 $6 (9... fxe4) (9... Bxf4 $5)
10. Ne5 Qe7 11. c5 Bc7 12. f3 g5 13. Bg3 f4 14. Bf2 exf3 (14... Bxe5 15. dxe5
Qxc5 16. Nxe4 Qxe5 17. exf4 $16 {[%csl Rc8][%cal Gf2c5]}) 15. Qxf3 Bxe5 16.
dxe5 Nd7 17. exf4 Rxf4 18. Qh5 Nxe5 19. Bg3 Rf5 20. Ne4 $16 {1-0 Raetsky,
A-Kaenel,H/Biel 2000/CBM 77 ext (32)}) 9... Bxf4 10. exf4 Nd7 11. Rfe1 Ndf6 12.
Ne5 Nd6 13. c5 Nf7 14. b4 Nxe5 15. fxe5 Ng4 16. f3 Nh6 17. b5 $16 {1-0
Savchenko,S-Iljushin,A/Linares 1998/CBM 62 ext (37)}) 9. exf4 Bd7 10. Re1 {
[%csl Ge5] The advantage of white is obvious here- e5 is secure outpost for
white knight, pawn structure is very favourable and black doesn't have any
counterplay;} Ne4 11. Ne5 Be8 12. f3 Nxc3 13. bxc3 $16 Nd7 14. Qb3 Qb6 15. Qa3
Nxe5 16. fxe5 (16. Rxe5 $143 Bf7 {and white can not use e-file here;}) 16...
Bf7 17. Rab1 Qc7 18. Rec1 {White is preparing a break thru the queeniside;} g6
19. f4 Rfd8 20. Qb4 b6 21. c5 b5 ({More resisistant was:} 21... Rab8 22. Rb3 {
[%cal Gc1b1]}) 22. a4 a6 (22... a5 23. Qa3 bxa4 24. Rb6 $18) 23. Ra1 Rdb8 {
[%cal Ra6a5,Yb5b4]} 24. Qa3 {[%cal Gc1c2,Yc2a2]} Qa5 {Black could stay in the
middlegame holding the defense over the queenside, but white would break thru
the kingside to realize his advantage;} (24... Be8 25. Rc2 Qd8 26. Rca2 Bd7 27.
axb5 cxb5 28. Qb4 Qc8 (28... Bc8 29. Ra5 {[%cal Yd3b5]} Bb7 30. c6 {[%csl Ga6]}
) 29. Ra5 Bc6 {[%cal Yg2g4,Gh2h3] and white is not able to break thru the
queenside, but there is a kingside left for white to go on vs the pressure;})
25. axb5 Qxa3 26. Rxa3 axb5 27. Rca1 Rxa3 28. Rxa3 Be8 (28... b4 $2 29. Rb3)
29. Kf2 Kf8 30. h3 Ke7 31. g4 Bd7 32. Kg3 Bc8 33. Kh4 Rb7 (33... h6 34. Kg3 {
[%cal Gh3h4,Gh4h5]}) 34. Ra8 Kd7 35. Kg5 Kc7 36. Kf6 {Look how king is an
important piece in the ending!} b4 (36... Kd8 37. gxf5 gxf5 (37... exf5 38. e6
Rc7 39. h4 $18 {[%cal Gh4h5]})) {[%tqu "En","Find out how white wins here;","",
"","d3a6","",10]} 37. Ba6 $1 {[%mdl 64]} b3 (37... Rb8 38. Ra7+ Kd8 39. cxb4
Bd7 (39... Rxb4 40. Ra8 $18) 40. g5 Rxb4 41. Ra8+ Kc7 42. Ke7 $18 {[%cal Ga8a7]
}) {[%tqu "En","","","","a6b7","",5]} 38. Bxb7 $1 {[%mdl 64]} b2 {[%tqu "En",
"","","","b7c8","",5]} 39. Bxc8 b1=Q {[%tqu "En","","","","f6e7","",5]} 40. Ke7
$1 {White king has achieved his target point in this game and it sets up
mating net for the black king; There is no good defense of white's Ba6
following by Rc8x;} (40. Ke7 Qe1 41. Ba6 Qh4+ 42. g5 {[%cal Ga8c8]}) 1-0

[Event "EU-Cup 13th Group2"]
[Site "Eupen"]
[Date "1997.09.23"]
[Round "2"]
[White "Kozul, Zdenko"]
[Black "Apicella, Manuel"]
[Result "0-1"]
[WhiteElo "2605"]
[BlackElo "2500"]
[Annotator "Tyomkin,D"]
[PlyCount "66"]
[EventDate "1997.09.22"]
[EventType "team-k.o."]
[EventRounds "3"]
[EventCountry "BEL"]
[SourceTitle "EXT 2020"]
[Source "ChessBase"]
[SourceDate "2019.10.17"]
[SourceVersion "1"]
[SourceVersionDate "2019.10.17"]
[SourceQuality "1"]
[WhiteTeam "Sarajevo Bosna"]
[BlackTeam "Clichy Echecs 92"]
[WhiteTeamCountry "BIH"]
[BlackTeamCountry "FRA"]

1. d4 d5 2. c4 e6 3. Nf3 c6 4. e3 f5 5. Bd3 Nf6 6. O-O Bd6 7. b3 Qe7 8. a4 a5
9. Ba3 Bxa3 10. Nxa3 O-O 11. Qb1 Ne4 12. Nc2 {intending b3} (12. Qb2 $5 Nd7 13.
Rac1 $140 $1 $14 (13. Nc2 {Maric,A-Polgar,Z/Tilburg (ct) 1994/0-1(28)}) 13...
b6 $2 14. cxd5 $16) 12... Nd7 $146 {intending action on the kingside by
pushing "g"pawn} (12... Na6 {Tyomkin,D} 13. Qb2 $5 {Tyomkin,D} (13. c5 b6 (
13... e5 $6 {Tsesarsky} 14. Qb2 exd4 15. exd4 f4 16. Rae1 Bf5 (16... Qf6 $5 17.
Qc1 $1 $14 (17. Bxe4 dxe4 18. Rxe4 Nxc5 $1 $17)) 17. Ne5 (17. Nd2 $2 Qf6 18.
Qc1 Qg6 $15 {Dokuchaev,A-Tregubov,P/RUS-Cup9 1997/0-1(37)}) 17... Qf6 18. f3
Ng5 (18... Nd2 19. Rf2 $18) 19. Bxf5 Qxf5 20. Rf2 $14) 14. b4 $5 (14. cxb6 {
Tyomkin,D} c5 15. Qe1 Nb4 (15... Qb7 $5) 16. Nxb4 cxb4 17. Ne5 Nc3 18. f3 Ba6
19. Qd2 Qb7 $10 {Ulibin,M-Tregubov,P/Berliner Sommer 19961/2-1/2(60)}) 14...
Nxb4 (14... axb4 $2 15. cxb6 c5 16. dxc5 Qxc5 (16... Naxc5 17. Qxb4) 17. a5 Bb7
18. Rc1 $16) 15. Nxb4 axb4 16. cxb6 c5 $1 17. dxc5 (17. a5 Nc3 (17... c4 $5 18.
Bxe4 fxe4 19. Ne5 Bb7) 18. Qb2 c4 19. Bc2 Bb7 $17) 17... Qxc5 18. Qb2 $1 Qxb6
19. Rfb1) 13... b6 14. Ne5 Bb7 15. f3 Nf6 16. cxd5 Nxd5 17. Rfe1 c5 18. Bc4 Qg5
$132 {Ionov,S-Tregubov,P/Chigorin mem 1995/EXT 95}) 13. b4 g5 14. bxa5 (14. b5
$5) (14. Re1 $5 {clearing f1-square for a knight} g4 15. Bxe4 dxe4 $1 $13 (
15... fxe4 16. Nd2 $14 Qh4 $140 17. Re2)) 14... g4 15. Bxe4 fxe4 {In this
structure white has problems with knight-c2,as you'll see later} (15... dxe4 $5
) 16. Nd2 (16. Ne5 $5) 16... Qh4 17. Qe1 $1 Qh5 18. Kh1 Rxa5 19. f3 exf3 20.
gxf3 dxc4 21. Qg3 $1 (21. fxg4 $2 Qg6 (21... Rxf1+ 22. Qxf1 Qxg4 23. Nxc4 $16)
22. Rxf8+ (22. e4 $6 Rxf1+ 23. Nxf1 b6) 22... Nxf8 23. e4 (23. Nxc4 $2 Qe4+ 24.
Kg1 Rg5) 23... b5 $1 24. Nf3 Rxa4 25. Rxa4 bxa4 26. Ne5 Qf6 27. Nxc4 (27. Kg2
c5) 27... Qf3+ 28. Kg1 Ng6 $17) 21... Raf5 22. Rg1 Rg5 23. Nxc4 (23. fxg4 Qg6)
23... b6 24. Nd2 $2 (24. f4 $5 Rg7 25. e4 c5 26. Nd6 {with better perspectives
for white.Black cannot use weekness of the /^a8-h1 at once.}) 24... c5 25. Qd6
$2 (25. e4 {/^a8-h1} Nf6 $40 (25... Bb7 $140 $2 26. Qc7) 26. f4 Rg7) (25. fxg4
$142 Qg6 26. e4 Bb7 27. h4 (27. Rae1 Nf6 $17) 27... Bxe4+ 28. Nxe4 (28. Kh2 $2
Bxc2 29. hxg5 Qxg5 $17) 28... Qxe4+ 29. Qg2 Qxg2+ 30. Rxg2 Rd5 31. dxc5 Nxc5
32. a5 {and this ending should be drawing} Nb3 $140 33. Rb1) 25... Kh8 $17 26.
Raf1 $4 (26. Ne4 Rd5 (26... g3 27. Rg2) 27. Qxe6 gxf3 28. Ng3 Qf7 29. Qxf7 Rxf7
30. e4 Rg5 $17) (26. Qxe6 Rg6 $17) (26. Qg3 $142 $1) 26... gxf3 $19 27. Rxg5
Qxg5 28. Nxf3 (28. Rf2 Bb7 $1 $19) 28... Rxf3 (28... Bb7 $144 $19) 29. Rxf3 Bb7
30. Ne1 Qxe3 31. Qg3 cxd4 32. Kg2 Ne5 33. Kh3 Bxf3 0-1